Normal view
MARC view
Entry Personal Name
001 - CONTROL NUMBER
- control field: 48780
003 - CONTROL NUMBER IDENTIFIER
- control field: dpl
005 - DATE AND TIME OF LATEST TRANSACTION
- control field: 20120609144521.0
008 - FIXED-LENGTH DATA ELEMENTS
- fixed length control field: 120609|||a|||||| | ||| d
040 ## - CATALOGING SOURCE
- Original cataloging agency: dpl
- Transcribing agency: dpl
100 ## - HEADING--PERSONAL NAME
- Personal name: Muhammad, Mahmood Bin
670 ## - SOURCE DATA FOUND
- Source citation: Work cat.: (dpl): Muhammad, Mahmood Bin, A policeman ponders :, 1999
670 ## - SOURCE DATA FOUND
- Source citation: Work cat.: (dpl): Muhammad, Mahmood Bin, A policeman ponders :, 1999
